00585 2200193 4500001002100000005001500021035002000036245010300056100002000159260003300179082000800212084001400220020001800234008004100252650003400293650001900327650003000346990001500376INLIS00000000000002120251117012007 a0010-11250000211 aA Series of Daily Expressions - Negotiating Conversations (Percakapan Negosiasi) /cEli Novitasari1 aNovitasari, Eli aBandung :bPakar Raya,c2009 a428 a428 NOV a a979-534-513-8251117 g 0 ind  aA Series of Daily Expressions aBahasa Inggris aNegotiating Conversations a0012/TP/15